000 00503nam a22001937a 4500
003 CEME
005 20210628203111.0
008 210118b xxu||||| |||| 00| 0 eng d
020 _a81-297-0486-2
040 _cceme
082 _a629.1323 BER
100 _aBertin, John J
_940695
245 _aAerodynamics for engineers
250 _a4TH
260 _aINDIA
_bPEARSON EDUCATION
_c2002
300 _aXVI,576 P
650 _aAERODYNAMICS FOR ENGINEERS.AEROSPACE VEHICLES
_963308
942 _cBK
_2ddc
999 _c572173
_d572173